| 000 | 00626nam a2200205Ia 4500 | ||
|---|---|---|---|
| 005 | 20230812102510.0 | ||
| 008 | 131103s9999 xx 000 0 und d | ||
| 020 |
_a1405145870 _cRs 1195 |
||
| 040 | _aLoreto College | ||
| 041 | _aEnglish | ||
| 082 |
_a910.0203 _bTHO |
||
| 245 | 4 |
_aThe dictionary of physical geography _cEdited by David S.G. Thomas and Andrew Goudie |
|
| 250 | _a3rd edition | ||
| 260 |
_aMalden, MA, USA _bBlackwell Publishing _c2000 |
||
| 300 |
_axiv,610p _b maps, drawings |
||
| 504 | _aIncludes bibliographical references and index | ||
| 650 | _aPhysical Geography | ||
| 850 | _aLCLIB | ||
| 942 | _cBK | ||
| 999 |
_c11511 _d61990 |
||